Caryodendron arinocense Karsten EUPHORBIACEAE: la oleaginosa mas promisoria de la subregión andina

Shranjeno v:
Bibliografske podrobnosti
Corporate Authors: Convenio Andres Bello. Secretaria Ejecutiva Permanente (Author), Programa de Recursos Vegetales (Author)
Format: Knjiga
Jezik:španščina
Izdano: Bogotá SECAB 1992
Izdaja:2a. ed
Serija:Monografia, 1
Ciencia y Tecnologia, 22
Teme:
Oznake: Označite
Brez oznak, prvi označite!

MARC

LEADER 00000nam a2200000 a 4500
001 UCX7716
003 CL-VaPUC
008 931228e19920000CK |||||||||||||||||spa|d
082 0 4 |a 633.85  |b CON  |2 21 
110 2 |a Convenio Andres Bello. Secretaria Ejecutiva Permanente  |e author  |9 324625 
710 2 |a Programa de Recursos Vegetales  |e author  |9 324626 
245 1 0 |a Caryodendron arinocense Karsten EUPHORBIACEAE: la oleaginosa mas promisoria de la subregión andina 
246 1 0 |a Especies vegetales promisorias 
246 1 0 |a El inchi 
250 |a 2a. ed 
300 |a 429 p 
942 |c BK 
945 |d 19931228 00:00:00  |a mfernand 
260 |a Bogotá  |b SECAB  |c 1992 
650 7 |a INCHI IDENTIFICACION  |2 CL-VaPUC  |9 324627 
650 7 |a PLANTAS OLEAGINOSAS  |2 CL-VaPUC  |9 324628 
583 |a last modification  |c 19931228 00:00:00  |k Rodrigo Vera 
490 0 |a Monografia, 1 
490 0 |a Ciencia y Tecnologia, 22 
999 |c 227464  |d 227462